[Event "36th TCh-GRE"]
[Site "Kallithea Halkidiki GRE"]
[Date "2008.07.08"]
[Round "4"]
[White "Tantsis,G"]
[Black "Halkias,S"]
[Result "0-1"]
[WhiteElo "2193"]
[BlackElo "2579"]

1.Nf3 d5 2.c4 e6 3.g3 Nf6 4.Bg2 dxc4 5.Qa4+ c6 6.Qxc4 b5 7.Qc2 Bb7 8.d4 Nbd7
9.O-O c5 10.Bg5 Rc8 11.Qd3 Qb6 12.Nbd2 Be7 13.e4 h6 14.Bxf6 Nxf6 15.dxc5 Bxc5
16.e5 Nd5 17.Ne4 Be7 18.Nd4 a6 19.Rad1 O-O 20.Rfe1 Rfd8 21.Qe2 Rc4 22.Nb3 Rdc8
23.Qh5 Rc2 24.Re2 Rxe2 25.Qxe2 Qc7 26.Qh5 g6 27.Qxh6 Qxe5 28.Na5 Ba8 29.Rc1 Rc7
30.Rxc7 Qxc7 31.Nb3 Bf8 32.Qc1 Bg7 33.Nec5 a5 34.Nd3 Qc4 35.Qd2 a4 36.Nbc5 b4
37.Nxa4 Qxa2 38.Qc2 Qa1+ 39.Qc1 Qxa4  0-1

[Event "7th Open"]
[Site "La Fere FRA"]
[Date "2008.07.08"]
[Round "5"]
[White "Sundararajan,K"]
[Black "Bensdorp,M"]
[Result "1-0"]
[WhiteElo "2446"]
[BlackElo "2284"]

1.Nf3 d5 2.c4 c6 3.e3 Nf6 4.Nc3 e6 5.b3 Nbd7 6.Qc2 Be7 7.Bb2 O-O 8.d4 b6
9.Bd3 Bb7 10.O-O Qc7 11.Ne5 dxc4 12.bxc4 Nxe5 13.dxe5 Ng4 14.Bxh7+ Kh8 15.Ne2 Ba6
16.Rad1 Rad8 17.Rd4 Nxe5 18.f4 Ng4 19.Rf3 Bf6 20.Rh3 Nh6 21.Rxh6 gxh6 22.Rd7 Qxd7
23.Bxf6+  1-0

[Event "FSGM July"]
[Site "Budapest HUN"]
[Date "2008.07.09"]
[Round "5"]
[White "Rajlich,I"]
[Black "Prohaszka,P2"]
[Result "0-1"]
[WhiteElo "2417"]
[BlackElo "2509"]

1.Nf3 d5 2.c4 e6 3.d4 Nf6 4.Nc3 Be7 5.cxd5 exd5 6.Bf4 c6 7.e3 Bf5 8.Bd3 Bxd3
9.Qxd3 O-O 10.O-O Nbd7 11.h3 Re8 12.Bh2 Bf8 13.Nd2 a6 14.Rab1 c5 15.Qf5 cxd4
16.exd4 Qb6 17.Nb3 Qe6 18.Qxe6 Rxe6 19.Rbc1 h6 20.Bf4 Bb4 21.Be3 Nb6 22.Nc5 Re7
23.N5a4 Nc4 24.Nd1 Bd2 25.Rc2 Nxe3 26.fxe3 Bxe3+ 27.Nxe3 Rxe3 28.Rc7 Re4
29.Rd1 b5 30.Nc5 Re2 31.Nd3 Rae8 32.Rf1 Rd2 33.Ne5 Rf8 34.Rf2 Rxd4 35.Ra7 Re4
36.Nd3 Re3 37.Rf3 Rfe8 38.Rxa6 Rxf3 39.gxf3 Re3 40.Nf2 Rxf3 41.Ra5 Ne4 42.Ng4 Rg3+
43.Kh2 f5 44.Ne5  0-1

[Event "Ladoga Summer"]
[Site "Novaya Ladoga RUS"]
[Date "2008.07.09"]
[Round "9"]
[White "Sedov,Alek2"]
[Black "Shalaev,N"]
[Result "1-0"]
[WhiteElo "2246"]
[BlackElo "2089"]

1.Nf3 d5 2.c4 c6 3.b3 Nf6 4.Bb2 dxc4 5.bxc4 Bf5 6.d3 e6 7.g3 Bc5 8.d4 Bxb1
9.Qxb1 Bb4+ 10.Nd2 Bxd2+ 11.Kxd2 e5 12.e3 exd4 13.exd4 O-O 14.Qf5 g6 15.Qf3 Nbd7
16.Bd3 Qa5+ 17.Bc3 Qa3 18.Rhb1 Qd6 19.Rxb7 Rfb8 20.Rab1 Rxb7 21.Rxb7 a5 22.h3 Re8
23.g4 h6 24.Ra7 c5 25.d5 Ne5 26.Qf4 g5 27.Qf5 Nxd3 28.Kxd3 Kg7 29.Rxa5 Qb6
30.Rb5 Qd8 31.h4 Re6 32.hxg5 hxg5 33.Qxg5+ Kf8 34.Be5 Rxe5 35.Qxe5 Nd7 36.Qh8+ Ke7
37.d6+  1-0

[Event "Maestro Open"]
[Site "Berdsk RUS"]
[Date "2008.07.10"]
[Round "3"]
[White "Mokhov,L"]
[Black "Feofanov,V"]
[Result "0-1"]
[WhiteElo "2149"]
[BlackElo "2298"]

1.Nf3 d5 2.c4 c6 3.b3 Nf6 4.Bb2 g6 5.e3 Bg7 6.Be2 O-O 7.O-O Bg4 8.h3 Bxf3
9.Bxf3 e6 10.Qc2 Nbd7 11.d4 Rc8 12.Nd2 Re8 13.Rac1 h5 14.cxd5 exd5 15.b4 Bf8
16.Bc3 Bd6 17.Rfe1 Bb8 18.e4 dxe4 19.Bxe4 Nxe4 20.Rxe4 Nf6 21.Rxe8+ Qxe8
22.Nf3 Nd5 23.Bd2 a6 24.Re1 Qf8 25.a3 Re8 26.Re4 Rxe4 27.Qxe4 Qe7 28.Ng5 Bd6
29.Kf1 Qxe4 30.Nxe4 Be7 31.Ke2 f5 32.Nc5 Bxc5 33.dxc5 Kf7 34.Kd3 Ke6 35.Kd4 Nc7
36.a4 Kf6 37.h4 Ne6+ 38.Kc4 Ke5 39.f3 f4 40.b5 axb5+ 41.axb5 Nc7 42.Bc3+ Kf5
43.bxc6 bxc6 44.Bd2 Ne6 45.Be1 g5 46.hxg5 Kxg5 47.g3 fxg3 48.Bxg3 h4 49.Bh2 Kf5
50.Kd3 Nxc5+ 51.Ke3 Ne6 52.Kf2 Nf4 53.Ke3 Ng6 54.Kd4 Ke6 55.Ke4 Ne7 56.Kf4 Kf6
57.Kg4 c5 58.Bf4 c4 59.Bd2  0-1

[Event "2nd LCT"]
[Site "Leiden NED"]
[Date "2008.07.11"]
[Round "1"]
[White "Pavlovic,Milos"]
[Black "Kohlbeck,T"]
[Result "1-0"]
[WhiteElo "2515"]
[BlackElo "2067"]

1.Nf3 d5 2.c4 c6 3.e3 Nf6 4.d4 Bg4 5.h3 Bxf3 6.Qxf3 e6 7.Nc3 Nbd7 8.Bd3 dxc4
9.Bxc4 Bb4 10.O-O Qa5 11.Bd2 O-O 12.a3 Bxc3 13.Bxc3 Qh5 14.Qxh5 Nxh5 15.b4 Nhf6
16.Rfc1 Nb6 17.Bb3 Rfd8 18.a4 Nbd5 19.Be1 a6 20.Kf1 Nd7 21.Rab1 f5 22.b5 cxb5
23.axb5 a5 24.Ra1 b6 25.Rc6 Kf7 26.g4 g6 27.Ke2 Ra7 28.f3 Rda8 29.Ra4 Re8
30.Kd3 Nc7 31.Bg3 Nd5 32.Bd6 Ne7 33.Rc2 Nc8 34.Ba3 Rd8 35.Ke2 Nf6 36.Rc6 Nd5
37.e4 Nc7 38.Ke3 fxe4 39.fxe4 Re8 40.Bc4 Rb7 41.Kf4 Na7 42.d5 e5+ 43.Ke3 Ncxb5
44.Bb2 Nd4 45.Ba2 Kg7 46.Rxd4 exd4+ 47.Bxd4+ Kh6 48.Rxb6 Rxb6 49.Bxb6 Nb5
50.Bd4 Kg5 51.e5 Nxd4 52.Kxd4 Kf4 53.e6 Rb8 54.e7  1-0

[Event "Inautomarket Open"]
[Site "Minsk BLR"]
[Date "2008.07.11"]
[Round "2"]
[White "Aleksandrov,A"]
[Black "Pankov,Ger"]
[Result "1/2-1/2"]
[WhiteElo "2574"]
[BlackElo "2358"]

1.Nf3 d5 2.c4 c6 3.e3 Nf6 4.Nc3 Bg4 5.Qb3 Qb6 6.Qxb6 axb6 7.b3 e6 8.Be2 Nbd7
9.Bb2 Bd6 10.h3 Bh5 11.g4 Bg6 12.Nh4 Ba3 13.O-O-O Bxb2+ 14.Kxb2 Nc5 15.d3 O-O-O
16.g5 Ne8 17.d4 Ne4 18.Nxg6 hxg6 19.Nxe4 dxe4 20.h4 Nd6 21.h5 gxh5 22.Bxh5 f6
23.c5 bxc5 24.dxc5 Nc4+ 25.Kc1 Rxd1+ 26.Kxd1 Nb2+ 27.Kc2 Nd3 28.gxf6 gxf6
29.f3 Nxc5 30.b4 exf3 31.Bxf3 Rxh1 32.Bxh1 Nd7 33.a4 Nb6 34.Kb3 Nd5 35.e4 Nf4
36.Kc4 Kc7 37.Bf3 Ng6 38.Kd4 Ne5 39.Be2 b6 40.a5 b5 41.Bd1 Kd6 42.a6 Nd7
43.a7 e5+ 44.Ke3 Nb6 45.Bh5 Kc7 46.Be8 Kb7 47.Kf3 Kxa7 48.Bxc6 Ka6 49.Kg4 Nc8
50.Bd5 Ne7 51.Bf7 Nc6 52.Kf5 Nxb4 53.Kxf6 Nd3 54.Ba2 Nb4 55.Bf7 Nd3 56.Ba2  1/2-1/2

[Event "XXVIII Open"]
[Site "Benasque ESP"]
[Date "2008.07.12"]
[Round "10"]
[White "Levin,F"]
[Black "Pozo Vera,S"]
[Result "1/2-1/2"]
[WhiteElo "2564"]
[BlackElo "2454"]

1.Nf3 d5 2.c4 c6 3.e3 Nf6 4.Nc3 Bf5 5.cxd5 cxd5 6.Qb3 Bc8 7.d4 e6 8.Ne5 Nc6
9.f4 Be7 10.Bd3 O-O 11.O-O Nd7 12.Bd2 Ndxe5 13.fxe5 Bd7 14.Rf3 g6 15.Raf1 Qb6
16.Qd1 Qxb2 17.Qe2 Nb4 18.Rb1 Qa3 19.Rb3 Qa5 20.Nb1 Qa4 21.Bxb4 Bxb4 22.Qb2 Ba5
23.Rxb7 Bb6 24.Qf2 Qc6 25.Ba6 Qc1+ 26.Bf1 Qc6 27.Ba6 Qc1+ 28.Bf1 Qc6 29.Ba6 Bc8  1/2-1/2

[Event "Heart of Finland"]
[Site "Jyvaskyla FIN"]
[Date "2008.07.12"]
[Round "1"]
[White "Haapasalo,JP"]
[Black "Tuominen,E"]
[Result "1-0"]
[WhiteElo "2167"]
[BlackElo "1846"]

1.Nf3 d5 2.c4 dxc4 3.Qa4+ c6 4.Qxc4 Nf6 5.g3 Qd5 6.Qc2 e5 7.Nc3 Qd6 8.Bg2 g6
9.O-O Bg7 10.d4 exd4 11.Nb5 Qd8 12.Nbxd4 Nd5 13.Bg5 Qb6 14.e4 Nc7 15.Nb3 O-O
16.Be7 Re8 17.Bc5 Qa6 18.Rfd1 b6 19.Bd4 Ne6 20.Bxg7 Kxg7 21.Qc3+ Kg8 22.Ne5 Qb7
23.Ng4 Nd7 24.Nh6+ Kf8 25.Qh8+ Ke7 26.Qxh7 Rf8 27.Ng4 Qc7 28.f4 Ba6 29.Qh4+ g5
30.fxg5 Rh8 31.Nh6 Qe5 32.g6+ Qg5 33.Qxg5+ Nxg5 34.Nxf7 Nxf7 35.gxf7 Ne5
36.Nd4 Kxf7 37.Nf5 Rad8 38.Ne3 Be2 39.Rxd8 Rxd8 40.Rc1 Rd2 41.Rc2 Rxc2 42.Nxc2 c5
43.Ne1 c4 44.Kf2 Bd1 45.h3 b5 46.Ke3 Nc6 47.g4 b4 48.Bf1 Na5 49.Kd2 Ba4 50.Nc2 Bb5
51.Ne3 Kf6 52.h4 Ke5 53.g5 Bc6 54.Nxc4+ Nxc4+ 55.Bxc4 Bxe4 56.Bf7 a5 57.Ke3 a4
58.g6 a3 59.bxa3 bxa3  1-0

[Event "Heart of Finland"]
[Site "Jyvaskyla FIN"]
[Date "2008.07.12"]
[Round "2"]
[White "Hartio,I"]
[Black "Sassi,P"]
[Result "1-0"]
[WhiteElo "2084"]
[BlackElo "2140"]

1.Nf3 d5 2.c4 c6 3.cxd5 cxd5 4.g3 Nc6 5.d4 Nf6 6.Bg2 Bf5 7.Nc3 e6 8.O-O Bd6
9.Qb3 O-O 10.Bg5 h6 11.Qxb7 Nb4 12.Bxf6 Qxf6 13.Qd7 Rfd8 14.Qa4 Bc2 15.Qa5 Rd7
16.Nb5 Be7 17.Nc3 Rb7 18.a3 Rab8 19.axb4 Rxb4 20.Qxa7 R8b7 21.Qa8+ Kh7 22.Qc8  1-0

[Event "2nd LCT"]
[Site "Leiden NED"]
[Date "2008.07.12"]
[Round "2"]
[White "Rebers,E"]
[Black "Van den Doel,E"]
[Result "0-1"]
[WhiteElo "2260"]
[BlackElo "2568"]

1.Nf3 d5 2.c4 e6 3.b3 Be7 4.Bb2 Bf6 5.Nc3 c5 6.cxd5 exd5 7.d4 cxd4 8.Nxd4 Ne7
9.e3 O-O 10.Be2 Nbc6 11.O-O Nxd4 12.exd4 Nc6 13.Bf3 Be6 14.Ne2 Qd6 15.a3 Rfe8
16.g3 Bf5 17.Nf4 Be4 18.Bg4 h6 19.Qd2 Bg5 20.Rfe1 Ne7 21.f3 Bh7 22.Qe3 Bxf4
23.gxf4 Bf5 24.Bxf5 Nxf5 25.Qxe8+ Rxe8 26.Rxe8+ Kh7 27.Re5 Nh4  0-1

[Event "Aegean Open"]
[Site "Aghios Kirykos GRE"]
[Date "2008.07.13"]
[Round "2"]
[White "Markus,Rob"]
[Black "Suslin,A"]
[Result "1-0"]
[WhiteElo "2572"]
[BlackElo "2157"]

1.Nf3 d5 2.c4 e6 3.b3 d4 4.g3 c5 5.e3 Nc6 6.exd4 cxd4 7.Bg2 Nf6 8.O-O Bd6
9.d3 O-O 10.Na3 e5 11.Nc2 Bg4 12.h3 Bd7 13.Rb1 a5 14.a3 Rb8 15.b4 b6 16.Re1 Qc7
17.Qe2 Rfe8 18.Bg5 Qd8 19.Nd2 h6 20.Bxf6 Qxf6 21.Bd5 Bc7 22.Qf3 Qxf3 23.Nxf3 Kf8
24.g4 f6 25.Nh4 Ne7 26.Be4 g5 27.Ng6+ Nxg6 28.Bxg6 Red8 29.Rb2 Ba4 30.Reb1 Ke7
31.Be4 Kd6 32.Ne1 Bd7 33.Kg2 Rh8 34.Nf3 axb4 35.axb4 h5 36.Kg3 h4+ 37.Kg2 Bc6
38.Nd2 Rhf8 39.Ra2 Ra8 40.Rba1 Rxa2 41.Rxa2 Bxe4+ 42.Nxe4+ Kc6 43.Ra7 Kd7
44.c5 Kc8 45.cxb6 Bb8 46.Rg7 Kd8 47.Nc5 Rh8 48.Kf3 Ke8 49.Ke4 Bd6 50.b7 Rf8
51.Nd7  1-0

[Event "Heart of Finland"]
[Site "Jyvaskyla FIN"]
[Date "2008.07.13"]
[Round "4"]
[White "Tuominen,J"]
[Black "Kiuttu,R"]
[Result "0-1"]
[WhiteElo "1790"]
[BlackElo "2091"]

1.Nf3 d5 2.c4 e6 3.g3 Nf6 4.Bg2 Be7 5.O-O O-O 6.b3 c5 7.cxd5 Nxd5 8.d4 Bf6
9.e4 Nb4 10.e5 Be7 11.Nc3 cxd4 12.Nxd4 Qc7 13.Ndb5 Qa5 14.Qg4 Kh8 15.a3 Nd5
16.Bb2 Nxc3 17.Nxc3 Qxe5 18.Nb5 Qxb2 19.Nc7 e5 20.Qe4 f5 21.Qc4 e4 22.Nxa8 Nc6
23.Nc7 Qe5 24.Nb5 Be6 25.Qc3 Qxb5 26.a4 Qxb3 27.Qxb3 Bxb3 28.Rfb1 Nd4 29.Bf1 Nc2
30.Rxb3 Nxa1 31.Rxb7 Bc5 32.Bc4 Nc2 33.Be6 Nd4 34.Bc4 h6 35.Rc7 Bb6 36.Rd7 e3
37.fxe3 Nc2 38.Bb5 Nxe3 39.h4 Rd8  0-1

[Event "60th ch-MNE"]
[Site "Cetinje MNE"]
[Date "2008.07.14"]
[Round "7"]
[White "Nikcevic,N"]
[Black "Mijovic,S"]
[Result "0-1"]
[WhiteElo "2401"]
[BlackElo "2289"]

1.Nf3 d5 2.c4 e6 3.d4 Nf6 4.Nc3 Be7 5.g3 O-O 6.Bg2 dxc4 7.Ne5 Nc6 8.Bxc6 bxc6
9.Nxc6 Qe8 10.Nxe7+ Qxe7 11.Qa4 c5 12.Qxc4 cxd4 13.Qxd4 e5 14.Qh4 Rb8 15.O-O Rb4
16.e4 Bb7 17.Re1 h6 18.f3 Rc8 19.g4 a5 20.Qf2 h5 21.g5 Nh7 22.h4 Nf8 23.Be3 Ng6
24.Rac1 Qe6 25.Kh2 Rb8 26.b3 Bc6 27.Rcd1 R4b7 28.Bc5 Rd7 29.Be3 Rdb7 30.Rd2 Bd7
31.Qg3 a4 32.bxa4 Qc4 33.Nd5 Rb2 34.Qf2 Rxd2 35.Qxd2 Nxh4 36.Kg3 Ng6 37.Nb6 Rxb6
38.Bxb6 Qe6 39.Rh1 h4+ 40.Kh2 Qxb6 41.a5 Qe6 42.Kg1 Bb5 43.Qd5 Qe8 44.Qb7 Qd8
45.Qxb5 Qd4+ 46.Kf1 Qd1+ 47.Kf2 Qxh1 48.a6 Qh2+ 49.Ke3 Kh7 50.Qd7 Qg1+ 51.Kd2 Qf2+
52.Kc3 Qc5+ 53.Kd2 Qa5+ 54.Ke3 Qxa6 55.Qxf7 h3 56.Kf2 h2  0-1

[Event "Inautomarket Open"]
[Site "Minsk BLR"]
[Date "2008.07.14"]
[Round "5"]
[White "Lushenkov,M"]
[Black "Demianjuk,A"]
[Result "0-1"]
[WhiteElo "2452"]
[BlackElo "2317"]

1.Nf3 d5 2.c4 c6 3.e3 Nf6 4.Nc3 e6 5.b3 Nbd7 6.Bb2 Bd6 7.Qc2 O-O 8.Rg1 e5
9.cxd5 cxd5 10.Nb5 Bb8 11.Rc1 e4 12.Nfd4 Bxh2 13.Rh1 Be5 14.f4 exf3 15.gxf3 a6
16.Nc7 Bxc7 17.Qxc7 Qxc7 18.Rxc7 Ne5 19.Kd1 Re8 20.a4 Rb8 21.Rg1 Ng6 22.Be2 Bh3
23.f4 Rec8 24.Rxc8+ Rxc8 25.f5 Ne5 26.Nf3 Nxf3 27.Bxf3 Rc6 28.Bxf6 Rxf6 29.Bxd5 Bxf5
30.Bxb7 Be6 31.Kc2 Bxb3+ 32.Kxb3 Rb6+ 33.Kc4 Rxb7 34.d4 f5 35.d5 Kf7 36.Kc5 Rb3
37.d6 Rd3 38.Kc6 g6 39.Rh1 Ke6 40.Rxh7 Rxd6+ 41.Kc5 Ke5 42.Rh4 g5 43.Rh8 g4
44.e4 Rf6 45.exf5 Rxf5 46.Rh6 g3 47.Rg6 Kf4+ 48.Kb6 a5  0-1

[Event "XXIII Tadeusz Gniota Mem"]
[Site "Police POL"]
[Date "2008.07.14"]
[Round "7"]
[White "Maniocha,A"]
[Black "Tokarczyk,T"]
[Result "0-1"]
[WhiteElo "2286"]
[BlackElo "2146"]

1.Nf3 d5 2.c4 dxc4 3.Na3 a6 4.Nxc4 b5 5.Nce5 f6 6.Nd3 e5 7.Ng1 Bd6 8.Qc2 Nd7
9.e4 Bb7 10.f3 c5 11.b3 Ne7 12.g3 O-O 13.Bh3 f5 14.Nf2 Nc6 15.Bb2 f4 16.a3 Nd4
17.Bxd4 exd4 18.Ne2 Ne5 19.Bg2 Qf6 20.Nxf4 g5 21.Nd5 Nxf3+ 22.Bxf3 Qxf3 23.O-O Bxd5
24.exd5 Qxd5 25.Ng4 Kg7 26.a4 h5 27.Nf2 bxa4 28.Rxa4 Rf3 29.Qe4 Qxe4 30.Nxe4 Rxf1+
31.Kxf1 Be7 32.Ke2 Kg6 33.Ra5 Kf5 34.Nxc5 Kg4 35.Kf2 h4 36.Ne4 Bd8 37.Rd5 Rb8
38.Kg2 hxg3 39.hxg3 Be7 40.Re5 Rb7 41.Nf2+ Kh5 42.Re6 g4 43.Re5+ Bg5 44.Ne4 Rb5
45.Re8 Rxb3 46.Rh8+ Bh6 47.Rg8 Rb6 48.Kf2 Re6 49.d3 Be3+ 50.Ke2 Rb6 51.Kd1 Rc6
52.Nd2 Bxd2 53.Kxd2 Rf6 54.Rh8+ Kg5 55.Rg8+ Kh5 56.Rd8 Rf2+ 57.Ke1 Rf3 58.Rd5+ Kg6
59.Rxd4 Rxg3 60.Rd6+ Kg5 61.Kf2 Rf3+ 62.Ke2 Rf6 63.Rd8 Kh4 64.d4 Kg3 65.d5 Kg2
66.d6 g3 67.d7 Rf7 68.Ke3 a5 69.Ke4 Kf2 70.Ra8 Rxd7 71.Rxa5 Re7+ 72.Kf4 g2  0-1

[Event "XXIII Tadeusz Gniota Mem"]
[Site "Police POL"]
[Date "2008.07.16"]
[Round "9"]
[White "Sopur,L"]
[Black "Tokarczyk,T"]
[Result "1-0"]
[WhiteElo "2431"]
[BlackElo "2146"]

1.Nf3 d5 2.c4 c6 3.d4 Nf6 4.Nc3 a6 5.a4 e6 6.e3 a5 7.Bd3 Na6 8.b3 Nb4 9.Bb1 Be7
10.e4 dxe4 11.Nxe4 b6 12.Qe2 Bb7 13.Bb2 Qc7 14.O-O O-O 15.Re1 Rad8 16.d5 cxd5
17.Be5 Qc8 18.Nxf6+ Bxf6 19.Bxf6 gxf6 20.Nd4 f5 21.Qh5 Kh8 22.Nxf5 Qd7 23.Qh6 exf5
24.Qf6+ Kg8 25.Re3 Rfe8 26.Rg3+ Kf8 27.Qh6+ Ke7 28.Re3+ Qe6 29.Bxf5 Qxe3
30.Qxe3+ Kf6 31.Qf4 Re7 32.Qh4+  1-0

[Event "2nd LCT"]
[Site "Leiden NED"]
[Date "2008.07.18"]
[Round "7"]
[White "Rebers,E"]
[Black "Van der Wiel,J"]
[Result "0-1"]
[WhiteElo "2260"]
[BlackElo "2504"]

1.Nf3 d5 2.c4 c6 3.b3 Bg4 4.Bb2 Nd7 5.g3 Bxf3 6.exf3 e6 7.f4 Ngf6 8.Bg2 dxc4
9.bxc4 Nc5 10.d4 Qb6 11.Ba3 Qa5+ 12.Ke2 O-O-O 13.Ke3 Na4 14.Qb3 Ng4+ 15.Kf3 Rxd4  0-1

[Event "XIII Open"]
[Site "Balaguer ESP"]
[Date "2008.07.19"]
[Round "6"]
[White "Burmakin,V"]
[Black "Colovic,A"]
[Result "1/2-1/2"]
[WhiteElo "2625"]
[BlackElo "2471"]

1.Nf3 d5 2.c4 c6 3.b3 Nf6 4.g3 Bg4 5.Bg2 e6 6.Bb2 Nbd7 7.O-O Bd6 8.Nc3 O-O
9.d3 a6 10.h3 Bh5 11.e4 dxe4 12.dxe4 Ne5 13.g4 Nxf3+ 14.Qxf3 Bg6 15.Qe3 e5
16.c5 Bc7 17.Rad1 Qe7 18.Nd5 cxd5 19.exd5 Nxd5 20.Bxd5 Rae8 21.Bxb7 f5 22.gxf5 Rxf5
23.Be4 Rg5+ 24.Kh1 Bxe4+ 25.Qxe4 Qxc5 26.Rc1 Qd6 27.Qc6 Rf8 28.Qxd6 Bxd6
29.Rc6 Rf6 30.Bc1 Rgg6 31.Rg1 Bb4 32.Rxg6 hxg6 33.Rc8+ Kf7 34.Kg2 Ke6 35.Rc4 Be7
36.Bg5 Rf5 37.Bxe7 Kxe7 38.Rc7+ Kf8 39.Rc5 e4 40.Rc6 a5 41.Re6 Rg5+ 42.Kf1 Rh5
43.Kg2 Rg5+ 44.Kh2 Rf5 45.Kg1 Rg5+ 46.Kf1 Rh5 47.Rxe4 Rxh3 48.Kg2 Rc3 49.Re5 a4
50.bxa4 Ra3 51.a5 Kf7 52.Rb5 Kf6 53.f4 Rxa2+ 54.Kf3 Ra4 55.Kg4 Kf7 56.Kg5 Ra1
57.Rb7+ Kf8 58.Kxg6 Rxa5 59.Rb8+ Ke7 60.f5 Ra1 61.Rb7+ Kf8 62.Rf7+ Kg8 63.Rxg7+ Kf8
64.Rb7 Rf1 65.Kf6 Kg8 66.Rb8+ Kh7 67.Ke6 Kg7 68.Rb7+ Kf8 69.Kf6 Kg8 70.Rg7+ Kf8
71.Rc7 Kg8 72.Rc8+ Kh7 73.Re8 Rf2 74.Re5 Kg8  1/2-1/2

[Event "Politiken Cup"]
[Site "Helsingor DEN"]
[Date "2008.07.19"]
[Round "1"]
[White "Hanssen,G"]
[Black "Lynge,T"]
[Result "1-0"]
[WhiteElo "2232"]
[BlackElo "1864"]

1.Nf3 d5 2.c4 Nf6 3.cxd5 Nxd5 4.g3 Nc6 5.Bg2 g6 6.O-O Bg7 7.d4 O-O 8.e4 Nb6
9.d5 Ne5 10.Nxe5 Bxe5 11.Nc3 e6 12.Bh6 Re8 13.f4 Bg7 14.Bxg7 Kxg7 15.Rc1 Kg8
16.Nb5 Re7 17.dxe6 Bxe6 18.Nxc7 Rd7 19.Nxe6 fxe6 20.Qb3 Qf6 21.f5 Re8 22.fxe6 Qd4+
23.Kh1 Rde7 24.Rf7 Qd2 25.Rcf1 Qd4 26.Qf3 Rxe6 27.Rf8+ Kg7 28.Rxe8 Rxe8 29.Qf7+ Kh6
30.Qxe8  1-0

[Event "XIII Open"]
[Site "Balaguer ESP"]
[Date "2008.07.20"]
[Round "7"]
[White "Roeder,M"]
[Black "Garcia Vicente,N"]
[Result "1-0"]
[WhiteElo "2451"]
[BlackElo "2214"]

1.Nf3 d5 2.c4 e6 3.g3 dxc4 4.Qa4+ Qd7 5.Qxc4 Qc6 6.b3 Be7 7.Bb2 Bf6 8.Bxf6 Qxc4
9.bxc4 Nxf6 10.Bg2 c5 11.Nc3 Nc6 12.Rb1 Ke7 13.d3 Rb8 14.Nd2 Bd7 15.O-O Rhc8
16.Rb2 Nd8 17.f4 Bc6 18.e4 Nd7 19.Kf2 Nb6 20.Rb3 Nd7 21.Ke3 a6 22.Rfb1 b6
23.Bf3 Ra8 24.a4 Rab8 25.R3b2 Ba8 26.Nb3 a5 27.Nb5 Nc6 28.Rg1 Nb4 29.Rd2 Rd8
30.h4 Bc6 31.Nc3 Rbc8 32.g4 Nf8 33.h5 h6 34.Rgd1 Rd7 35.e5 Bxf3 36.Kxf3 Rcd8
37.Ke4 Rb7 38.Nb5 Nc6 39.Nd6 Rc7 40.Nb5 Rb7 41.Ke3 f6 42.exf6+ gxf6 43.Ke4 Nd7
44.Re1 Rg8 45.Kf3 Ndb8 46.d4 Nd7 47.d5 Nce5+ 48.fxe5 Nxe5+ 49.Rxe5 fxe5 50.d6+ Kd8
51.Nc7 Kd7 52.Kg3 Rbb8 53.Rf2 Kxd6 54.Nb5+ Ke7 55.Nd2 Rbd8 56.Ne4 Rd3+ 57.Kh4 Rd1
58.Rg2 Rf8 59.Nbc3 Rd3 60.g5 Rf4+ 61.Rg4 hxg5+ 62.Kxg5 Rh3 63.Rxf4 exf4 64.Kg4 Rh2
65.Ng5 Kf6 66.Nce4+ Ke7 67.Nf3 Rh1 68.Nh4 e5 69.h6 Kf7 70.Ng5+ Kf6 71.h7 Kg7
72.Nf5+ Kg6 73.Nd6 Rg1+ 74.Kf3 Rh1 75.Ndf7 Rxh7 76.Nxh7 Kxf7 77.Ke4 Kg6 78.Nf8+ Kg5
79.Nd7 Kg4 80.Nxe5+ Kg3 81.Kd5 f3 82.Nxf3 Kxf3 83.Kc6 b5 84.Kxb5  1-0

[Event "Politiken Cup"]
[Site "Helsingor DEN"]
[Date "2008.07.20"]
[Round "2"]
[White "Hess,C1"]
[Black "Jensen,SorenH"]
[Result "1-0"]
[WhiteElo "2235"]
[BlackElo "2032"]

1.Nf3 d5 2.c4 e6 3.g3 Nf6 4.Bg2 dxc4 5.Qc2 Nbd7 6.O-O Rb8 7.Qxc4 b5 8.Qc2 c5
9.d3 Bb7 10.Bf4 Rc8 11.a4 a6 12.Na3 Qb6 13.axb5 axb5 14.Qb3 Ba6 15.Ne5 Nxe5
16.Bxe5 Nd7 17.Nc4 Qa7 18.Nd6+ Bxd6 19.Bxd6 Qb6 20.Bf4 O-O 21.Ra2 Bb7 22.Bxb7 Qxb7
23.Rfa1 Nb8 24.Ra5 b4 25.Bd6 Rfd8 26.Bxc5 Nc6 27.R5a4 Rd5 28.Be3 Rb5 29.Qc4 h6
30.Qe4 Ne7 31.Qxb7 Rxb7 32.Ra8 Rbb8 33.Rxb8 Rxb8 34.Bc5 Nd5 35.e4 Nf6 36.Ra4 b3
37.Rb4 Rxb4 38.Bxb4 Ng4 39.Bc3 h5 40.h3 Nh6 41.Bd2 Kh7 42.Bxh6 Kxh6 43.d4 Kg6
44.h4 f5 45.f3 Kf6 46.e5+  1-0

[Event "Politiken Cup"]
[Site "Helsingor DEN"]
[Date "2008.07.20"]
[Round "3"]
[White "Hanssen,G"]
[Black "Kogan,Ar"]
[Result "0-1"]
[WhiteElo "2232"]
[BlackElo "2569"]

1.Nf3 d5 2.c4 d4 3.g3 Nc6 4.Bg2 e5 5.d3 Bb4+ 6.Bd2 a5 7.O-O Nf6 8.Na3 O-O
9.Nc2 Bxd2 10.Qxd2 Re8 11.b4 e4 12.dxe4 Nxe4 13.Qd3 Nxb4 14.Nxb4 axb4 15.Qxd4 Nc3
16.Rfe1 Rxa2 17.Rxa2 Qxd4 18.Nxd4 Nxa2 19.c5 Nc3 20.e3 c6 21.Bf1 Be6 22.Ra1 Ba2
23.Bd3 g6 24.Bc2 Rd8 25.Nb3 Rd5 26.e4 Bxb3 27.exd5 Bxc2 28.d6 Bf5 29.Ra7 b3
30.Rxb7 Nb5  0-1

[Event "XXVI Andorra Open"]
[Site "La Massana AND"]
[Date "2008.07.20"]
[Round "2"]
[White "Colls Gelaberto,E"]
[Black "Perez Candelario,Man"]
[Result "0-1"]
[WhiteElo "2203"]
[BlackElo "2537"]

1.Nf3 d5 2.c4 e6 3.d4 Nf6 4.g3 dxc4 5.Bg2 c6 6.Ne5 b5 7.Nxc6 Qb6 8.Na5 Nd5
9.Bd2 Na6 10.a4 b4 11.Nxc4 Qxd4 12.Qc2 Bd7 13.Be3 Qf6 14.Nbd2 Nxe3 15.fxe3 Rb8
16.Ne4 Qd8 17.O-O f5 18.Ned6+ Bxd6 19.Nxd6+ Ke7 20.Rfd1 Qb6 21.Rd4 Rhd8 22.a5 Qc7
23.Qxc7 Nxc7 24.Rc1 e5 25.Nxf5+ Kf6 26.Rd6+ Ne6 27.Rcd1 Bb5 28.Bh3 Bxe2 29.R1d2 Rxd6
30.Rxd6 Rd8 31.Rxd8 Nxd8 32.Nd6 Nc6 33.Nc8 Ba6 34.Bg2 Bxc8 35.Bxc6 Ke7 36.Kf2 Kd6
37.Be4 h6 38.Kf3 Bd7 39.Bd3 Kd5 40.Ba6 Bf5 41.h4 Bc2 42.Bf1 Bd1+ 43.Kf2 Ke4
44.Bb5 Bg4 45.Bc4 Bh5 46.Bb5 Kd5 47.Bd3 Kc5 48.Ke1 Bf7 49.Kd2 Bc4 50.g4 g5
51.hxg5 hxg5 52.Kc2 Bd5 53.Be2 Be4+ 54.Kb3 Bb1 55.Bf1 e4 56.Ba6 Bd3 57.Bc8 Bc4+
58.Ka4 Be2 59.Kb3 Bd1+ 60.Ka2 Kb5 61.a6 Kc4  0-1

[Event "Ch-AY Boys U18"]
[Site "Tehran IRI"]
[Date "2008.07.20"]
[Round "6"]
[White "Pradeep,KR"]
[Black "Ali,Ak"]
[Result "0-1"]
[WhiteElo "2250"]
[BlackElo "2025"]

1.Nf3 d5 2.c4 c6 3.Qc2 e6 4.g3 Nf6 5.Bg2 g6 6.b3 Bg7 7.Bb2 O-O 8.O-O Re8
9.d4 Nbd7 10.Nbd2 b6 11.e4 dxe4 12.Nxe4 Nxe4 13.Qxe4 Bb7 14.Rad1 Qc7 15.Ne5 Nxe5
16.dxe5 Rad8 17.b4 Rb8 18.Qe3 Bf8 19.a3 a5 20.bxa5 bxa5 21.Rd2 Ba6 22.Qe4 Bh6
23.f4 Bf8 24.h4 Rb3 25.Kh2 Reb8 26.Rff2 h5 27.Rc2 Bxa3 28.Bxa3 Rxa3 29.Rfd2 Rbb3
30.Qxc6 Qxc6 31.Bxc6 Rxg3 32.Bg2 Rg4 33.c5 Rxh4+ 34.Kg1 Ra1+ 35.Kf2 Rxf4+
36.Ke3 g5 37.Rd8+ Kg7 38.Ra8 Bb5 39.Bb7 Re1+ 40.Kd2 Re2+ 41.Kc1 Rxc2+ 42.Kxc2 Rc4+
43.Kd2 Rxc5 44.Rxa5 Rxe5 45.Bc6 g4 46.Rxb5 Rxb5 47.Bxb5 f5 48.Ke3 e5 49.Kf2 Kf6
50.Bc6 Kg5 51.Bd7 h4 52.Bc6 Kf4 53.Bd7 e4  0-1

[Event "ZMD Open"]
[Site "Dresden GER"]
[Date "2008.07.22"]
[Round "4"]
[White "Hertneck,G"]
[Black "Mueller,Mic1"]
[Result "1-0"]
[WhiteElo "2519"]
[BlackElo "2226"]

1.Nf3 d5 2.c4 c6 3.e3 g6 4.Nc3 Nf6 5.d4 Bg7 6.Be2 O-O 7.O-O Bf5 8.cxd5 Nxd5
9.Qb3 Nxc3 10.bxc3 b6 11.Nd2 Qc7 12.Ba3 Rd8 13.Rad1 a5 14.Bf3 a4 15.Qb2 Bd3
16.Rfe1 e5 17.Be4 Bxe4 18.Nxe4 Ra5 19.Qc2 h6 20.Nd2 exd4 21.cxd4 Rh5 22.Nf3 Qa7
23.e4 Rb5 24.e5 Kh7 25.Bd6 Qd7 26.Qxa4 Qe6 27.Qa7 Nd7 28.Qc7 Qe8 29.Qxc6 Rb2
30.Qd5 Nf8 31.Rb1 Rc2 32.Rxb6 Ne6 33.Qb3 Rdc8 34.Bc5 R2xc5 35.dxc5 Nxc5 36.Qb5 Qd8
37.Rc6 Ne6 38.Rxc8 Qxc8 39.h3 Bf8 40.Rd1 Bc5 41.Qd7 Qf8 42.Nd2 Bd4 43.Nc4 Bc3
44.Nd6 Kg8 45.Nxf7 Qxf7 46.Qc8+ Nf8 47.Qxc3 Qxa2 48.Qd2 Qa4 49.Rc1 Qb3 50.Qxh6 Qb2
51.e6 Qb7 52.Qg5 Nxe6 53.Qxg6+ Ng7 54.Rc3  1-0

[Event "Politiken Cup"]
[Site "Helsingor DEN"]
[Date "2008.07.22"]
[Round "5"]
[White "Hess,C1"]
[Black "Schandorff,L"]
[Result "1/2-1/2"]
[WhiteElo "2235"]
[BlackElo "2537"]

1.Nf3 d5 2.c4 c6 3.cxd5 cxd5 4.d4 Nf6 5.Nc3 Nc6 6.Bf4 Bf5 7.e3 e6 8.Qb3 Bb4
9.Bb5 Bxc3+ 10.Qxc3 O-O 11.Bxc6 Rc8 12.Ne5 Ne4 13.Qa3 bxc6 14.Rc1 f6 15.Nd3 g5
16.Bg3 Rf7 17.Nc5 Rg7 18.O-O h5 19.Nxe4 Bxe4 20.Qd6 Qxd6  1/2-1/2

[Event "XXVI Andorra Open"]
[Site "La Massana AND"]
[Date "2008.07.23"]
[Round "5"]
[White "Rodshtein,M"]
[Black "Zambrana,O"]
[Result "0-1"]
[WhiteElo "2605"]
[BlackElo "2458"]

1.Nf3 d5 2.c4 c6 3.d4 Nf6 4.Nbd2 g6 5.e3 Bg7 6.b3 O-O 7.Bb2 b6 8.Be2 Bb7
9.O-O Nbd7 10.Rc1 c5 11.dxc5 Nxc5 12.b4 Ne6 13.Qb3 dxc4 14.Nxc4 b5 15.Na5 Bd5
16.Qa3 Qb6 17.Nd4 Nxd4 18.Bxd4 Qe6 19.f3 a6 20.Rc2 Rac8 21.Rfc1 Rxc2 22.Rxc2 Rc8
23.Rxc8+ Qxc8 24.Qb2 Bh6 25.e4 Be6 26.Nb3 Nd7 27.g3 Bxb3 28.Qxb3 Qc1+ 29.Bf1 Qd2
30.Bf2 Ne5 31.f4 Ng4 32.Qf3 Nxf2 33.Qxf2 Qxb4 34.Qa7 Qa4 35.Qxe7 Bf8 36.Qe8 Qxa2
37.e5 Qd5 38.h4 Qf3  0-1

[Event "1st Open"]
[Site "Paleochora GRE"]
[Date "2008.07.23"]
[Round "4"]
[White "Nikolaou,G"]
[Black "Gaponenko,I"]
[Result "0-1"]
[WhiteElo "2250"]
[BlackElo "2468"]

1.Nf3 d5 2.c4 c6 3.b3 Bf5 4.Bb2 e6 5.g3 Nf6 6.Bg2 h6 7.O-O Be7 8.d3 O-O 9.Nbd2 a5
10.a3 Bh7 11.Qc2 Nbd7 12.Bc3 Re8 13.Qb2 b5 14.cxb5 cxb5 15.b4 Nb6 16.Qb3 Na4
17.Bd4 axb4 18.axb4 Qd6 19.Rab1 Nd7 20.Ne1 Rec8 21.Nc2 Bf6 22.Bxf6 Nxf6 23.Nd4 Qb6
24.N4f3 Nc3 25.Rbe1 Ra4 26.Nb1 d4 27.Nxc3 dxc3 28.Ra1 Nd5 29.Rxa4 bxa4 30.Qxa4 c2
31.Rc1 Qxb4 32.Qxb4 Nxb4 33.Ne1 f6 34.Bh3 Kf7 35.Kf1 Ke7 36.e4 Bg6 37.Ke2 Be8
38.Kd2 Ba4 39.f4 g6 40.e5 f5 41.Bf1 g5 42.d4 Na2 43.Rxc2 Bxc2 44.Nxc2 gxf4
45.gxf4 Nc3 46.Ne3 Ne4+ 47.Ke2 Ra8 48.d5 Nc3+ 49.Kd3 Nxd5  0-1